Loading...
| Science - Chemistry | 0 | 9 | 1 | 3 | 85 | 47 | 86.78 | 3 | 9 | 0.00 | 0.00 |
| Science - Physics | 0 | 8 | 2 | 0 | 70 | 26 | 39.50 | 8 | 8 | 0.00 | 0.00 |
| Science - Other | 0 | 8 | 2 | 0 | 70 | 35 | 59.88 | 6 | 8 | 0.00 | 0.00 |
| Philosophy | 0 | 6 | 1 | 2 | 55 | 57 | 83.00 | 2 | 6 | 0.00 | 0.00 |
| Social Science | 0 | 5 | 0 | 1 | 50 | 50 | 89.00 | 3 | 5 | 0.00 | 0.00 |
| Literature - World/Other | 0 | 5 | 0 | 0 | 50 | 72 | 98.60 | 2 | 5 | 0.00 | 0.00 |
| Literature - American | 0 | 5 | 1 | 1 | 45 | 77 | 110.60 | 2 | 5 | 0.00 | 0.00 |
| Literature - British | 0 | 4 | 0 | 0 | 40 | 83 | 103.00 | 1 | 4 | 0.00 | 0.00 |
| Fine Arts - Other | 0 | 3 | 0 | 0 | 30 | 75 | 108.67 | 1 | 3 | 0.00 | 0.00 |
| Literature - European | 0 | 4 | 2 | 1 | 30 | 67 | 94.50 | 2 | 4 | 0.00 | 0.00 |
| Fine Arts - Visual | 0 | 3 | 0 | 0 | 30 | 103 | 110.33 | 2 | 3 | 0.00 | 0.00 |
| Mythology | 0 | 3 | 1 | 1 | 25 | 118 | 133.33 | 0 | 3 | 0.00 | 0.00 |
| Fine Arts - Classical Music | 0 | 3 | 1 | 0 | 25 | 33 | 105.67 | 1 | 3 | 0.00 | 0.00 |
| History - American | 0 | 1 | 0 | 1 | 10 | 122 | 122.00 | 0 | 1 | 0.00 | 0.00 |
| History - World | 0 | 1 | 1 | 0 | 5 | 64 | 64.00 | 1 | 1 | 0.00 | 0.00 |
| Science - Biology | 0 | 1 | 1 | 0 | 5 | 51 | 51.00 | 0 | 1 | 0.00 | 0.00 |
| Religion | 0 | 0 | 1 | 0 | -5 | 0.00 | 0 | 0 | 0.00 | 0.00 | |
| History - Other | 0 | 0 | 1 | 0 | -5 | 0.00 | 0 | 0 | 0.00 | 0.00 |